| 000 | 00605nam a2200217 a 4500 | ||
|---|---|---|---|
| 001 | 4526 | ||
| 003 | CDMR | ||
| 005 | 20131017170215.0 | ||
| 008 | 130130s1986||||||||||||||||||||||||||||d | ||
| 020 | _a2130395643 | ||
| 040 |
_aCDMR _bcat _cCDMR |
||
| 100 | 1 |
_94122 _aMathien, Michel |
|
| 245 | 1 | 3 |
_aLa Presse quotidienne régionale _cMichel Mathien |
| 250 | _a2a ed. | ||
| 260 |
_aParis _bPresses Universitaires de France _c1986 |
||
| 300 | _a126 p. | ||
| 490 | 0 |
_aQue sais-je? _v2074 |
|
| 650 | 0 | 4 |
_91693 _aPremsa comarcal _xAspectes econòmics |
| 650 | 0 | 4 |
_94123 _aConcentració industrial |
| 942 |
_cMON _2udc |
||
| 999 |
_c4526 _d4526 |
||